Quizzes
Events
Quiz Creation
Community
Videos
Private Events
Remove Ads
Sign In
Join for FREE
Feedback
Dark Mode
Quiz Categories
Sports
Geography
Music
Movies
Television
Just For Fun
Miscellaneous
History
Literature
Language
Science
Gaming
Entertainment
Religion
Holiday
For Kids
Quiz Lab
Recent
Popular Today
Quiz Kudos Today
Editor Picks
Curator Picks
Quizzes by...
Day
Popularity
Type
Ratings
Length
Year
Community
Subscriptions
Recent Discussions
Orange Saloon
Badges
Playlists
Quests
Create
Leaderboards
Showdown
Live 5
Trivia Bingo
Activity
Puzzle Library
Sporcle Events
Private Events
Virtual Trivia
Globe League
Become a Host
Pub Owners
SporcleCon
Opinionation
Our Games
Videos
Blog
Mobile Apps
Partnerships
Remove Ads and Go Orange
Feedback
Geography
Country
Landmarks
City
State
Population
World
Capital
Continent
Flags
Europe
Africa
Asia
South America
North America
Oceania
Border
Canada
United Kingdom
Topography
United States
Geography
Country
Landmarks
City
State
Population
World
Capital
Continent
Flags
Europe
Africa
Asia
South America
North America
Oceania
Border
Canada
United Kingdom
Topography
United States
Random Quiz
Search Sporcle
×
Quiz Lab
Quiz Lab
Geography
Europe
Type answers that appear on an image
Type answers that appear on an image
Map
Best Score? Go Orange.
List the countries in Europe in size order Stats
Can you name the List the Largest Countries in Europe?
By
Wrightboy05
18m
50 Questions
74 Plays
74 Plays
74 Plays
Comments
Comments
Give Quiz Kudos
Give Quiz Kudos
-
- Ratings
hide this ad
More Info
Forced Order
Answers have to be entered in order
Answers have to be entered in order
Replay
Link that replays current quiz
Next Quiz
Link to next quiz in quiz playlist
You Got
0%
They Got
Avg Score
58%
Avg Friend Score
Upgrade to see
Score Distribution
Jump to the score distribution portion of the page
Score
0/50
Timer
18:00
0
Plays Today
% Correct
Russia
100%
Ukraine
89.2%
France
83.8%
Spain
81.1%
Sweden
75.7%
Norway
75.7%
Germany
74.3%
Finland
74.3%
Poland
74.3%
Italy
71.6%
Romania
68.9%
Belarus
68.9%
Greece
66.2%
Bulgaria
66.2%
Portugal
66.2%
Iceland
66.2%
Hungary
66.2%
United Kingdom
64.9%
Austria
63.5%
Serbia
59.5%
Kazakhstan
58.1%
Ireland
58.1%
Lithuania
56.8%
Latvia
54.1%
Croatia
54.1%
% Correct
Czech Republic
52.7%
Estonia
52.7%
Denmark
52.7%
Netherlands
52.7%
Moldova
52.7%
Belgium
52.7%
Turkey
51.4%
Bosnia and Herzegovina
51.4%
Slovakia
51.4%
Switzerland
51.4%
Albania
51.4%
North Macedonia
51.4%
Cyprus
51.4%
Georgia
50%
Malta
50%
Luxembourg
48.6%
Andorra
48.6%
Slovenia
47.3%
Liechtenstein
45.9%
Azerbaijan
44.6%
Montenegro
44.6%
San Marino
44.6%
Monaco
43.2%
Vatican City
41.9%
Kosovo
21.4%
Quiz Playlist
Details
Report
Send in Message
Add To Playlist
More Info:
The aim of the quiz is to see how well you know your countries.
Map:
Type answers that appear on an image
Forced Order:
Answers have to be entered in order
Quiz Source
Last Updated: Jul 13, 2023
Quiz Scoreboard
CHALLENGE
Sign Up to Join the Scoreboard
Show All
Scores
Hide
Comments
May contain spoilers
Recently Published
Decade Duel: World Leaders
by jenniferyan
History
4m
Alphabetical 'K' Countries by Flag Minefield
by ylime102
Geography
3m
Pick 6: Fruits
by JohnFran
Miscellaneous
15s
More to Explore
Quiz From the Vault
Featured Blog Post
15 Basketball Trivia Facts You Can Be March Mad About
hide this ad
You Might Also Like...
Tags
Country Quiz
Europe Quiz
largest
Today's Top Quizzes in Geography
Browse Geography
hide this ad
Today's Top Quizzes in Europe
Browse Europe
Top Contributed Quizzes in Geography
1
Countries of the World - No Outlines Minefield
2
Pick 6: Mountains
3
Least Populated Answer: 'G' Countries
4
Alphabetical 'L' Countries By Flag Minefield
5
Lietuvos savivaldybės (Lithuanian Municipalities)
6
Alphabetical 'M' Countries By Flag Minefield
7
Pick 6: National Parks
8
Pick 6: US States
9
'A' Countries In Alphabetical Order by Flag
10
African Flag Reveal XXXVI
Explore More
Trending Topics
Crossword
Kpop
Marvel
Harry Potter
Anime
NBA
Disney
NFL
Soccer
The Office
WWE
Song
Pokémon
Puzzle
Country
hide this ad
More By:
Wrightboy05
Quiz
Plays
Rating
Category
Featured
Created
100 Biggest Cities in Europe
16,715
3.71
Geography
Oct 10, 2019
100 Biggest Cities in the World
5,878
4.14
Geography
Nov 11, 2019
50 Biggest Cities in the World
5,830
4.90
Geography
Nov 1, 2019
100 Biggest Cities in Africa
2,138
4.14
Geography
Jun 21, 2021
100 Biggest Cities in Asia
2,045
4.33
Geography
Sep 12, 2020
Go to Creator's Profile
Score Distribution
Quiz Creator Spotlight
Wrightboy05
Follow
Send a Message
Quizzes Created
-
Created Quiz Play Count
-
More By This Creator
Popular Quizzes Today
1
Countries of Asia Without Outlines Minefield
2
Find the US States - No Outlines Minefield
3
Pick 6: Fruits
4
Alphabetical 'K' Countries by Flag Minefield
5
The Countries of the World
6
Find the Countries of Europe - No Outlines Minefield
7
Find the US States
8
US States
More Geography Quizzes
Erase America by Any 2 Letters
Published
Trending Quizzes
Pick 6: Mountains
Pick 6: Harry Potter
Pick 6: Flags
Pick 6: NFL Teams
Pick 6: Movie Franchises
Recently Updated
Adaptations: Name the Title
pecheneg
NWSL Teams
pecheneg
Women's Final Four Teams by Year
bhenderson79
Presidents Quartet II
eogle
Anything But Clue(do)
eogle
Anything But Oceanian Capitals
eogle
Anything But 7
eogle
Anything But Thing
eogle
Word Ladder: February 29
pecheneg
Song Title Questions
pecheneg
Trending Topics
Harry Potter
NBA
Anime
Crossword
Disney
Marvel
Kpop
Song
NFL
Soccer
Puzzle
The Office
WWE
Pokémon
Country
Your Account Isn't Verified!
In order to create a playlist on Sporcle, you need to verify the email address you used during registration. Go to your
Sporcle Settings
to finish the process.
Report this User
Report this user for behavior that violates our
Community Guidelines
.
Details:
Send Report
Go to the Sporcle.com Mobile Site →
Comments